Регионална библиотека "Любен Каравелов" - Русе

Обманы лошадиных барышников (Запис номер 91808)

MARC детайли
000 -Лидер
Контролно поле с фиксирана дължина nam a22 a 4500
003 - Код на организацията, давaща контролен номер
Контролно поле BLK
005 - Дата и час на последна редакция
Контролно поле 20201026111859.0
008 - Елементи от данни с фиксирана дължина
fixed length control field 180408b bul|||||r ||||||| ||bul||
010 ## - Наследен системен номер
LC control number KNG00096573000
040 ## - Източник на каталожния запис
Идентификатор на билиотеката - собственик на записа BLK
041 ## - Код за език
Код за езика на текст/звукозапис или на отделно заглавие Руски
Код за езика КДБФ Руски
072 #7 - Код за тематичната категория
Код организация bullib
Код за тематична категория Ц
Текст Редки и ценни
080 ## - УДК
Текстов определител УДК Еднокопитни животни. Коне
УДК код - определител по УДК 636.1
УДК определител (035)
УДК - код + определител 636.1(035)
100 1# - Редна дума - Автор
Автор Хлюдзинский, В.
Авторска отговорност първи автор
R(LIN) 137193
139 ## - Редно поле
Редна дума Хлюдзинский, В.
Авторски знак Хле - Х 56
245 10 - Сведения за заглавието
Заглавие Обманы лошадиных барышников
Подзаглавни данни Практ. руководство для покупателей лошадей, коннозаводчиков, ремонтеров и кавалеристов
Редно поле (дума) В. Хлюдзинский.
250 ## - Област на изданието
Сведения за изданието 2. изд.
257 ## - Страна на издаване
Страна на създаване/издаване Русия
260 ## - Област на издателските данни
Име на издателя, разпространителя и проч. Типогр. С.-Петербургскаго училища глухонемых
Година на издаване 1898
Място на издаване, разпространение и проч. Санкт-Петербург
300 ## - Физическа характеристика
Страници 120 с.
Илюстрации и др. с ил.
Размери/Мащаб 15 см
380 ## - Жанр
Жанр Селско стопанство
490 ## - СЕРИИ (Колекции)
9 (RLIN) 435080
Име на серия Колекция Редки и ценни издания
500 ## - Общи забележки
Забележка Подв. към кн. О сапе. - 1899 със сигн. Рр 899 и инв. № 744956.
650 #4 - Допълнително описание по предмет – тема
Основно описание – тема или топоним Коне
9 (RLIN) 159141
650 #4 - Допълнително описание по предмет – тема
Основно описание – тема или топоним Коневъдство - наръчници и ръководства
9 (RLIN) 304565
653 ## - Ключова дума – ненормативна
Ключова дума коне
653 ## - Ключова дума – ненормативна
Ключова дума коневъдство
653 ## - Ключова дума – ненормативна
Ключова дума наръчници
653 ## - Ключова дума – ненормативна
Ключова дума ръководства
659 ## - Тематичен бюлетин
Тематичен бюлетин Ц
852 ## - Местоположение
Форматна сигнатура Рр 899
Фондова буква Редки и ценни
856 4# - Електронен адрес и достъп
Електронен формат pdf - файл
856 4# - Електронен адрес и достъп
Електронен формат pdf - файл
999 ## - СИСТЕМНИ КОНТРОЛНИ НОМЕРА
Koha biblionumber 91808
Koha biblioitemnumber 91808
942 ## - АРТИКУЛИ
Вид на библиотечния материал Книги
Скрит в OPAC Не
Периодичен библиозапис Да
944 ## - СЪЗДАВАНЕ И РЕДАКЦИЯ на ЗАПИСА
Създаване/Редакция Създаване
Дата на регистрацията/редакция 14.07.2010
Статус, дата на статуса ф /
Служител, извършил регистрацията/редакцията Людмила_Стоянова
944 ## - СЪЗДАВАНЕ И РЕДАКЦИЯ на ЗАПИСА
Създаване/Редакция Редакция
Дата на регистрацията/редакция 04.08.2010
Статус, дата на статуса ф /
999 ## - СИСТЕМНИ КОНТРОЛНИ НОМЕРА
Koha biblioitemnumber 91808
Наличности
Код за отписване Код за изгубен артикул Източник на класификационната схема Код за повреда Коз за рестрикции Код за отдаване Артикулен № Име на библиотеката - собственик Име на библиотеката, в която се намира в момента Статус (Текущо местоположение) Дата на вписване в системата Местоположение - отдел Цена в лева Инвентарен номер Систематично азбучна сигнатура Баркод Номер на екземпляра Цена в евро Служебна бележка Служебен тип на артикула
  Не е изгубен Universal Decimal Classification Не е повреден само за читалня Специални фондове ( старопечатни, редки и ценни, фонд М. Арнаудов) 148134 Регионална библиотека "Любен Каравелов" Русе Регионална библиотека "Любен Каравелов" Русе Редки и ценни 2010-07-13 Редки и ценни 25.00 120000744961 Рр 899 120000744961 1 12.78 Дост: DA Вид: А N: 18 Дата: 13.07.2010 Дата инв: 02.04.2018 Бележки инв: Рц2018 Книги
Vip Innovations Ltd, Rousse, Bulgaria 2025